000
00321nam a22001457a 4500
008
230206b ||||| |||| 00| 0 eng d
020
_a
9780077282721
041
_a
eng
080
_2
SECOND EDITION
_a
51
082
_a
51COB
100
_a
20
101
_a
MATEM
245
_a
TRIGONOMETRY
_c
COBURN W J
942
_2
udc
_c
BK
999
_c
59311
_d
59311